000 01362nam a22001697a 4500
008 140624b xxu||||| |||| 00| 0 eng d
020 _a139781418836740
050 _aQA76.76.B3 Z35
100 _aZak, Diane.
245 _aProgramming with microsoft visual basic 2005. /
_cDiane Zak
250 _a3rd ed.
260 _aU.S.A:
_bThomson C.T,
_c2007.
300 _axxviii,986p.:
_bill.;
_c25cm.
500 _aIncludes index and appendix.
505 _aContents: An Overview of programming: A history and a demonstration of visual basic 2005 -- An Introduction to visual basic 2005: Creating a copyright screen -- Describing applications: Creating an order screen -- Using variables and constants: Revising the skate-away sales application -- The Selection structure: Creating a monthly payment calculator application -- More on the selection structure: Creating a math practice application -- The Repetition structure: Creating the shoppers haven application -- Sub and function procedures: Creating a payroll application -- Manipulating strings: Creating a hangman game application -- Arrays: Creating the perrytown gift shop application -- Structures and sequential access files: Creating the friends application -- Classes and objects: Creating the Kessler landscaping application -- Using Ado.net 2.0: Creating the trivia game application.
942 _2lcc
_cBK
999 _c3065
_d10565